| 000 | 00400nam a2200169Ia 4500 | ||
|---|---|---|---|
| 005 | 20250423095535.0 | ||
| 008 | 250422s9999 xx 000 0 und d | ||
| 020 | _a9781496351258 | ||
| 050 | _aQM 25 .H48/ | ||
| 100 | _aHerring, Nicole R. | ||
| 245 | 0 | _aGrant’s anatomy coloring book | |
| 260 | _aPhiladelphia | ||
| 260 | _bWolters Kluwer | ||
| 260 | _c2019 | ||
| 300 | _a399 p | ||
| 942 | _cBK | ||
| 999 |
_c30586 _d30586 |
||